| 000 | 01721nam0a2200313 4500 | ||
|---|---|---|---|
| 001 | RU\NLR\bibl\243856 | ||
| 005 | 20260406134212.0 | ||
| 035 | _a(NLR Aleph) 000239724 | ||
| 090 |
_a1396889 _c1396889 |
||
| 100 | _a20020328d1998 |||y0rusy50 ca | ||
| 101 | 0 | _arus | |
| 102 | _aRU | ||
| 105 | _aa ||||||||| | ||
| 200 | 1 |
_aРомбандеева Евдокия Ивановна _eБиблиогр. указ. науч. тр. и лит. о жизни и деятельности _fКом. по делам малочисл. народов Севера, НИИ возрождения оско-угор. народов, Окр. б-ка _g[Сост. Пуртова Т.В. _gРед. Сургутскова Э.П. _gАвт. вступ. ст. Мадьярова М.Н.] |
|
| 210 |
_aХанты-Мансийск _cБ.и. _d1998 |
||
| 215 |
_a[1],27 с. _cпортр. _d21 |
||
| 320 | _aАлф. указ.: с. 24-26 | ||
| 600 | 1 |
_aРомбандеева _bЕ.И. _f1928 - 2017 _gЕвдокия Ивановна _jБиблиография _92241945 _3RU\NLR\auth\661345245 |
|
| 606 | 0 |
_aФольклор народов Сибири и Дальнего Востока _jБиблиография _92266426 _3RU\NLR\auth\661358607 |
|
| 686 | _aШ1г(2)7дРомбандеева я1 | ||
| 686 | _aШ3(251.1)я1 | ||
| 702 | 1 |
_4220 _8rus _7ca _aПуртова _bТ. В. _gТатьяна Владимировна _3RU\NLR\auth\7796793 _979719 |
|
| 702 | 1 |
_aСургутскова _bЭ. П. _4340 |
|
| 711 | 0 | 2 |
_aХанты-Мансийская окружная библиотека _3RU\NLR\AUTH\889917244 _9330662 |
| 801 | 0 |
_aRU _bNLR _c20020328 _gPSBO |
|
| 801 | 1 |
_aRU _bNLR _c20020328 |
|
| 942 | _cBOOK | ||
| 980 | _aNB | ||